00270nam a2200109Ia 4500008004000000082001500040100002000055245002400075260003300099300000800132650002000140210210b1986 xxu||||| |||| 00| 0 eng d a531.6 ALEE aALEKSEEV (G N). aEnergy and entropy. aMoscowbMir Publishersc1986 a200 aEnergy Entrophy